|
|
|
|
| LEADER |
00589nam a22001697a 4500 |
| 020 |
|
|
|a 978-90-04-14568-9
|
| 074 |
|
|
|a 7005
|
| 082 |
|
|
|a 382.92 WTO'08
|
| 100 |
|
|
|a ed by Rudiger Wolfrum
|9 2031
|
| 245 |
|
|
|a WTO - Trade in Services
|
| 260 |
|
|
|a Boston
|b Martinus Nijhoff Publishers
|c 2008
|
| 300 |
|
|
|a xxix,784p.
|
| 500 |
|
|
|a Includes index
|
| 653 |
|
|
|a WTO
|a Trade in Services
|
| 700 |
|
|
|a ed by Peter-Tobias Stoll and Clemens Feinaugle
|9 2032
|
| 999 |
|
|
|c 5259
|d 5259
|
| 952 |
|
|
|0 0
|1 0
|2 ddc
|4 0
|6 343_087000000000000_WOL08
|7 1
|8 REF
|9 6699
|a NUALS
|b NUALS
|c REF
|d 2010-12-17
|l 0
|o 343.087 WOL'08
|p 7005
|r 2017-06-30
|y CRE
|